Liste des enchantements dans Minecraft - Statistiques

Statistiques générales
  • Ce quiz a été pris 33 fois
  • Le résultat moyen est 15 sur 37
Statistiques - réponses
Enchantements % Correct
Protection
96%
Tranchant
92%
Efficacité
88%
Flamme
72%
Solidité
72%
Epines
68%
Raccomodage
68%
Infinité
64%
Fortune
60%
Protection contre les explosions
60%
Protection contre les projectiles
60%
Puissance
60%
Aura de feu
56%
Protection contre le feu
48%
Recul
48%
Chute amortie
44%
Fléau des arthropodes
44%
Chance de la mer
40%
Butin
36%
Toucher de soie
36%
Châtiment
32%
Malédiction de disparition
32%
Affinité aquatique
28%
Agilité aquatique
24%
Appât
24%
Canalisation
20%
Empalement
20%
Malédiction du lien éternel
20%
Agilité des âmes
12%
Apnée
12%
Frappe
12%
Perforation
12%
Semelles givrantes
12%
Charge rapide
4%
Fendage
4%
Furtivité rapide
4%
Impulsion
4%
Aucun quiz correspondant
Distribution des résultats
% des personnes avec chaque résultat
Percentile par nombre de réponses
Votre historique - résultats
Vous n’avez pas pris ce quiz